007780000a2200181000450024502130000030000110021350000740022465000160029865000330031465000330034765000340038065000300041465100130044404100140045704400130047111000650048426000470054910a2003 Catálogo de investigaciones Universidad de Antioquia Vicerrectoría de Investigaciónsel impacto de los grupos reconocidos por Colciencias y sus relaciones con los diferentes sectores de la sociedad bCD-ROM aRequerimientos del sistema: Procesador Pentium II, 300 Mhz o superior14aCatálogos14aInvestigación científica14aProyectos de investigación14aInvestigación universitaria14aGrupos de investigación 4pColombia0 aEspañol aColombia1 aUniversidad de AntioquiadVicerrectoría de Investigación aMedellínbUniversidad de Antioquiac2004